000 00560cam a22002054a 4500
001 sa 68004168
003 DLC
005 20260227112459.0
008 890831s1967 ii a 000 1 hino
010 _asa 68004168
040 _aDLC
_cDLC
050 0 0 _aPK2098.B3394
_bS96 1967
100 0 _aBalvant Singh,
_d1920-1986.
245 1 0 _aSūnā āsamāna /
_cBalavanta Siṃha.
250 _a1. saṃskaraṇa.
260 _aIlāhābāda :
_bLokabhāratī Prakāśana,
_c1967.
300 _a630 p. :
_bill. ;
_c19 cm.
500 _aNovel.
546 _aIn Hindi.
999 _c80017
_d80017